Word Ladder: Johnny's Singing Spouse Quiz Stats

 Plays Quiz Updated Jun 18, 2019

Score 0/17 Timer 02:30
0 Plays Today
Clue 4-Letter Word % Correct
♪ Month after May ♪♪ JUNE ♪
99.8%
♪ Grocery shopping vehicle ♪♪ CART ♪
98.1%
A singable songTUNE
98.1%
Section of the wholePART
97%
Opening for sweatPORE
96.2%
Remedy for a diseaseCURE
96%
Fortified winePORT
95.8%
Give a hootCARE
95.5%
♪ Cold, hard money ♪♪ CASH ♪
95.5%
Clue 4-Letter Word % Correct
'Horn' on an elephantTUSK
94.7%
A job to doTASK
94.4%
♪ A person from Istanbul or Izmir ♪♪ TURK ♪
93.8%
Barrel for wineCASK
93%
A worm, to a fishermanLURE
91.3%
Stay silent in a chat roomLURK
89.1%
___ Lōc: rapper who sang 'Wild Thing'TONE
87.7%
Corn breadPONE
87.2%

Today's Daily Dose

Missing Word
Sherlocks

Word Ladder
King of the Hill

Quick Pick
Songs in Pink

Get the Picture
NBA Teammates

You're not logged in!

Compare scores with friends on all Sporcle quizzes.
OR
Log In

Sporcle TV

Today on Sporcle TV


Watch our educational content, quiz creation guides, and fun videos on Sporcle TV.

Show Comments

Extras

Top Quizzes Today


Score Distribution

Your Account Isn't Verified!

In order to create a playlist on Sporcle, you need to verify the email address you used during registration. Go to your Sporcle Settings to finish the process.

Report this User

Report this user for behavior that violates our Community Guidelines.

Details: